NLP [ the new technology of achievement

Bibliographic Details
Format: Book
Published: Illinois : Nightingale-Conant , 19_
Subjects:

MARC

LEADER 00000cam a2200000 7i4500
001 0000001441
002 000001585
005 20021111.0
020 |a T000000225 
090 0 0 |a 179.1   |b NEW 
245 0 0 |a NLP [  |h kits] :   |b the new technology of achievement 
260 |a Illinois :   |b Nightingale-Conant ,   |c 19_ 
300 |a 6 sound cassettes   |e 1 handbook 
650 0 0 |a NLP   |x Self-esteem   |x History 
999 |a 00047   |b KASET DAN BUKU PANDUAN   |c KOLEKSI AUDIO VIDEO   |e PERPUSTAKAAN KOMUNITI PETALING JAYA